000 00260nam a2200097Ia 4500
001 1090308
005 20250827002838.0
008 250824s9999 xx 000 0 und d
245 0 _aDOĞU BATI ARASINDA İSLAM
_cALİYA İZETBEGOVİÇ
260 _bKETEBE YAYINLARI
999 _c1090308
_d1090308